| 000 | 00473nam a22001817a 4500 | ||
|---|---|---|---|
| 003 | CEME | ||
| 005 | 20210628202128.0 | ||
| 008 | 210225b xxu||||| |||| 00| 0 eng d | ||
| 020 | _a0-7506-5646-X | ||
| 040 | _c. | ||
| 082 | _a621.38131 SIL | ||
| 100 |
_aDa Silva, E Silva, Da.E _958371 |
||
| 245 | _aHigh frequency and microwave engineering | ||
| 260 |
_aOXFORD _bBUTTERWORTH _c2001 |
||
| 300 | _aVII,428P | ||
| 650 |
_aMICROWAVE ENGINEERING _91997 |
||
| 942 |
_cBK _2ddc |
||
| 999 |
_c568566 _d568566 |
||